| 000 | 00471nam a22001697a 4500 | ||
|---|---|---|---|
| 003 | OSt | ||
| 005 | 20250716052157.0 | ||
| 008 | 250716b |||||||| |||| 00| 0 eng d | ||
| 020 | _a 0553208845 | ||
| 040 |
_aDWCL - Main lib _cOC |
||
| 082 | _aFic. H587s 1951 | ||
| 100 | _aHerman, Hesse | ||
| 245 |
_aSiddhartha/ _cHesse Herman |
||
| 260 |
_aNew York : _b New Directions Publishing Corporation, _c c1951. |
||
| 300 |
_a152 pages : _c 18cm. |
||
| 942 |
_2ddc _cFIC. _kFic. _n0 |
||
| 999 |
_c3704 _d3704 |
||